000 00867nam a22002897a 4500
003 CHAP
005 20220817042643.0
008 971013s r 00010 d
010 _a51159
011 _a52131
035 _a56281
040 _cCHAP
090 _aR-2911
100 0 0 _aWalker, P. A.
_9120887
245 _aReconciling dwelling stock estimates with census data
500 _aSobretiro de: Review of Public Data. use 0: 167-174, 1981
590 _aBATCH-UPD
_b10
_c20130110
_lUCH01
_h1551
590 _aBATCH-UPD
_b10
_c20130410
_lUCH01
_h0949
590 _aBATCH-UPD
_b10
_c20130914
_lUCH01
_h0908
590 _aCONVERSION
_b10
_c20130109
_lUCH01
_h1328
650 1 4 _aCensos.
_920990
650 1 4 _aPoblación
_xEstadísticas.
_989369
700 0 _aDavis, J. R.
901 _aBK
942 _cREIMP
949 _aR-2911
_bBC
_cR
_d-123006
_eTS1
_i56281
_mD
_si
999 _c51159
_d51159